Religion Quiz

Random Religion or Church Quiz

LDS Temple Locations Quiz Stats

 Plays Quiz Retired Jun 24, 2021

Support Sporcle.
Go Orange.
Score 0/164 Timer 20:00
0 Plays Today
U.S. State/Country City % Correct
UtahSalt Lake City
88.4%
CaliforniaLos Angeles
86.2%
ArizonaPhoenix
76.6%
District of ColumbiaWashington D.C.
76.6%
CaliforniaSan Diego
76.5%
TexasDallas
76.1%
TexasHouston
74.8%
WashingtonSeattle
73.1%
MexicoMexico City
72.6%
IllinoisChicago
72.2%
New YorkManhattan
71.7%
GeorgiaAtlanta
71.7%
IdahoBoise
71.6%
United KingdomLondon
71.4%
AlaskaAnchorage
69.1%
ColoradoDenver
68.5%
MassachusettsBoston
68.3%
JapanTokyo
67.8%
TennesseeNashville
67.8%
UtahProvo
66.7%
UtahProvo City Center
66.6%
AustraliaSydney
66.3%
NevadaLas Vegas
66.1%
TexasSan Antonio
64.9%
CaliforniaSacramento
64.1%
AlabamaBirmingham
64%
OregonPortland
63.9%
MichiganDetroit
62.9%
FloridaOrlando
62.8%
ItalyRome
61.5%
FranceParis
61.4%
TennesseeMemphis
60.5%
PennsylvaniaPhiladelphia
59%
CanadaToronto (Ontario)
59%
MissouriKansas City
58.4%
MissouriSt. Louis
58.3%
LouisianaBaton Rouge
58.2%
OklahomaOklahoma City
57%
NevadaReno
56.6%
MinnesotaSt. Paul
56.4%
CanadaVancouver (British Columbia)
56.3%
CaliforniaOakland
56.3%
ArizonaTucson
55.7%
KentuckyLouisville
55.3%
ArgentinaBuenos Aires
54.7%
ConnecticutHartford
54.3%
Costa RicaSan José
54.3%
El SalvadorSan Salvador
54.3%
DenmarkCopenhagen
53.8%
SpainMadrid
53.6%
OhioColumbus
52.8%
CanadaMontréal (Québec)
52.8%
FinlandHelsinki
52.3%
PeruLima
51.5%
PanamaPanama City
51.3%
U.S. State/Country City % Correct
AustraliaMelbourne
50.8%
North CarolinaRaleigh
50.8%
ArizonaMesa
49.3%
South KoreaSeoul
48.9%
CanadaCalgary (Alberta)
48.6%
IndianaIndianapolis
48.1%
SwitzerlandBern
48%
ChileSantiago
47.8%
SwedenStockholm
47.3%
New MexicoAlbuquerque
47.2%
BrazilSão Paulo
46.6%
GuatemalaGuatemala City
46%
AustraliaPerth
45.5%
PhilippinesQuezon City
45.4%
South CarolinaColumbia
44.3%
ChinaHong Kong
44.2%
South AfricaJohannesburg
43.9%
WashingtonSpokane
43.3%
GermanyFrankfurt
43%
ColombiaBogotá
42.4%
TaiwanTaipei
42.1%
VenezuelaCaracas
42.1%
UtahOgden
41.9%
MontanaBillings
40.4%
UtahSt. George
39.7%
UruguayMontevideo
39.3%
Dem. Rep. CongoKinshasa
38.7%
CanadaEdmonton (Alberta)
38.5%
CaliforniaFresno
38.1%
North DakotaBismarck
38.1%
ColoradoFort Collins
37%
Dominican RepublicSanto Domingo
36.9%
IdahoIdaho Falls
36.5%
MexicoTijuana
36.4%
GhanaAccra
35.2%
UtahLogan
33.9%
AustraliaBrisbane
33.2%
JapanSapporo
32%
NetherlandsThe Hague
31.7%
ParaguayAsunción
31.6%
UtahCedar City
31.2%
MexicoGuadalajara
30.9%
ArizonaGilbert
30.6%
AustraliaAdelaide
29.8%
UkraineKyiv
29.4%
IdahoMeridian
28.4%
HondurasTegucigalpa
27.8%
UtahBountiful
27.8%
TexasLubbock
27.5%
WyomingAfton
26.7%
UtahManti
26.7%
IllinoisNauvoo
26.7%
BrazilManaus
26.3%
FloridaFt. Lauderdale
26.3%
UtahBrigham City
26.1%
U.S. State/Country City % Correct
MexicoMonterrey
26%
IdahoTwin Falls
25.8%
FijiSuva
25.8%
IdahoRexburg
25.5%
UtahJordan River
25.1%
UtahDraper
25%
CanadaHalifax (Nova Scotia)
24.9%
MexicoCiudad Juárez
24.1%
UtahAmerican Fork
23.1%
SamoaApia
23.1%
CanadaRegina (Saskatchewan)
22.9%
New YorkPalmyra
22%
ArizonaSnowflake
21.8%
UtahVernal
21.7%
HawaiiLaie
21.4%
UtahPayson
21.4%
BrazilRecife
21%
NebraskaOmaha
20.9%
ChileConcepción
20.5%
EcuadorGuayaquil
20.1%
New ZealandHamilton
19.9%
HawaiiKona
19.7%
UtahOquirrh Mountain
19.4%
UtahMonticello
18.9%
CaliforniaNewport Beach
18.5%
OregonMedford
18.5%
ColombiaBarranquilla
18.1%
United KingdomPreston
18.1%
CaliforniaRedlands
17.9%
CanadaCardston (Alberta)
17.2%
TongaNuku'alofa
17.2%
MexicoColonia Juárez Chihuahua
16.7%
MexicoOaxaca
16.6%
MexicoVeracruz
16.6%
ArgentinaCórdoba
16.1%
BrazilPorto Alegre
15.6%
ArizonaGila Valley
15.3%
WashingtonColumbia River
15.2%
TahitiPapeete
14.7%
GermanyFreiberg
14.1%
GuatemalaQuetzaltenango
13.4%
BrazilFortaleza
13.4%
BrazilCuritiba
13.3%
BoliviaCochabamba
13.3%
MexicoMérida
12.8%
JapanFukuoka
12.6%
NigeriaAba
11.5%
BrazilCampinas
11.5%
MexicoTampico
11.1%
PeruTrujillo
10.5%
PhilippinesCebu City
9.6%
MexicoVillahermosa
9.1%
MexicoHermosillo Sonora
9%
MexicoTuxtla Gutiérrez
7.8%

From the Vault

'EA' or 'IA'?

by nspyred

We're just as surprised as you are that there's no trivia in this quiz.
Remove Ads.
Support Sporcle.
Get the best of Sporcle when you Go Orange. This ad-free experience offers more features, more stats, and more fun while also helping to support Sporcle. Thank you for becoming a member.

Show Comments

Extras

Top Quizzes Today


Score Distribution

Your Account Isn't Verified!

In order to create a playlist on Sporcle, you need to verify the email address you used during registration. Go to your Sporcle Settings to finish the process.

Report this User

Report this user for behavior that violates our Community Guidelines.

Details: